000 00736nab a2200229u 4500
001 15742
003 HDC
007 c| |||a|c|aaaa
008 210218b20140402my ||||| |||| 00| 0 may d
040 _aHDC
245 0 _aMuafakat dunia Islam prasyarat jana ekonomi
336 _atext
_2rdacontent
337 _acomputer
_2rdamedia
338 _aonline resource
_2rdacarrier
650 _aIslamic world
_913824
650 _aWorld Islamic Economic Forum (WIEF)
_99338
710 _aBERITA HARIAN
856 _zRequest full-text at [email protected]
942 _2lcc
942 _cNEWS
942 _kNWSC 003739
999 _c13058
_d13058